Una tabla del Maestro de las Medias Figuras atribuída a Ambrosio Benson en la Galería Phillips de Londres / (Record no. 106211)

MARC details
000 -LEADER
campo de control de longitud fija 00991nam a2200241 i 4500
001 - NÚMERO DE CONTROL
campo de control 106211
003 - IDENTIFICADOR DE NÚMERO DE CONTROL
campo de control ES-MaACL
005 - FECHA Y HORA DE LA ÚLTIMA TRANSACCIÓN
campo de control 20250815135209.0
007 - CAMPO FIJO DE DESCRIPCIÓN FÍSICA--INFORMACIÓN GENERAL
campo de control de longitud fija t|
008 - DATOS DE LONGITUD FIJA--INFORMACIÓN GENERAL
campo de control de longitud fija 061010s1989 sp a |||| | spa d
080 ## - NÚMERO DE LA CLASIFICACIÓN DECIMAL UNIVERSAL
Número de la Clasificación Decimal Universal 75 Maestro de las Medias Figuras
080 ## - NÚMERO DE LA CLASIFICACIÓN DECIMAL UNIVERSAL
Número de la Clasificación Decimal Universal 75.034(493)
100 1# - ENTRADA PRINCIPAL--NOMBRE DE PERSONA
Nombre de persona Díaz Padrón, Matías,
Fechas asociadas al nombre 1934-2022
9 (RLIN) 44376
245 14 - MENCIÓN DEL TÍTULO
Título Una tabla del Maestro de las Medias Figuras atribuída a Ambrosio Benson en la Galería Phillips de Londres /
Mención de responsabilidad, etc. por Matías Díaz Padrón.
260 ## - PUBLICACIÓN, DISTRIBUCIÓN, ETC.
Lugar de publicación, distribución, etc. Madrid :
Nombre del editor, distribuidor, etc. Real Academia de Bellas Artes de San Fernando,
Fecha de publicación, distribución, etc. 1989.
300 ## - DESCRIPCIÓN FÍSICA
Extensión p. [171-178] :
Otras características físicas il. ;
Dimensiones 25 cm.
595 ## -
-- Separata de: Academia, Boletín de la Real Academia de Bellas Artes de San Fernando, n. 69, 2º semestre de 1989.
600 04 - PUNTO DE ACCESO ADICIONAL DE MATERIA--NOMBRE DE PERSONA
Nombre de persona Maestro de las Medias Figuras.
9 (RLIN) 75412
650 #7 - PUNTO DE ACCESO ADICIONAL DE MATERIA--TÉRMINO DE MATERIA
Término de materia o nombre geográfico como elemento de entrada Pintura flamenca
Fuente del encabezamiento o término embne
9 (RLIN) 16046
710 2# - ENTRADA AGREGADA--NOMBRE DE ENTIDAD CORPORATIVA
Nombre de entidad corporativa o nombre de jurisdicción como elemento de entrada Real Academia de Bellas Artes de San Fernando.
9 (RLIN) 6291
852 ## - LOCALIZACIÓN
Ubicación ES-MaACL
Número de control de estantería 2206-F-10
Holdings
Estatus retirado Estado de pérdida Estado de daño No para préstamo Colección Biblioteca de origen Biblioteca actual Ubicación en estantería Fecha de adquisición Fuente de adquisición Total de préstamos Signatura topográfica completa Código de barras Visto por última vez Precio de reemplazo Tipo de ítem Koha
        Colección de folletos Biblioteca del Ateneo de Madrid Biblioteca del Ateneo de Madrid Depósito folletos 17/01/2008     2206-F-10 1110878 23/02/2023 23/02/2023 Folleto